[Event "Nordic-ch Girls B"]
[Site "Stavanger"]
[Date "2012.04.20"]
[Round "2"]
[White "Linde, Sif Tylvad"]
[Black "Magnusdottir, Veronika Steinunn"]
[Result "0-1"]
[WhiteElo "1555"]
[BlackElo "1580"]
[PlyCount "92"]
[EventDate "2012.04.20"]
[EventType "swiss"]
[EventRounds "5"]
[EventCountry "NOR"]
[SourceTitle "EXT 2024"]
[Source "ChessBase"]
[SourceDate "2023.10.10"]
[SourceVersion "1"]
[SourceVersionDate "2023.10.10"]
[SourceQuality "1"]

1. e4 c5 2. Nf3 d6 3. Bc4 Nf6 4. d3 g6 5. c3 Bg7 6. Bb3 0-0 7. h3 Nc6 8. Be3 b6 9. 0-0 Bb7 10. Re1 Rc8 11. Nbd2 Ba6 12. Nf1 c4 13. Bc2 cxd3 14. Bxd3 Bxd3 15. Qxd3 Nd7 16. Ng3 Nde5 17. Nxe5 Nxe5 18. Qe2 Nc4 19. Bd4 Re8 20. Bxg7 Kxg7 21. Rad1 Qc7 22. b3 Ne5 23. c4 Qc6 24. Qb2 Kg8 25. Rd5 e6 26. Rd2 Qc5 27. Red1 Red8 28. Kf1 b5 29. cxb5 Qxb5+ 30. Kg1 Rb8 31. Qa1 Qb6 32. Kh1 Rbc8 33. f4 Nc6 34. Rxd6 Rxd6 35. Rxd6 Qe3 36. Kh2 Qxf4 37. Qd1 h5 38. Rd3 h4 39. Rf3 hxg3+ 40. Rxg3 Qxe4 41. Qd2 Kg7 42. Qc3+ Qe5 43. Qd2 Rd8 44. Qc2 Nd4 45. Qc3 Kg8 46. Qe3 Qc7 0-1

[Event "Pige NM B"]
[Site "Jetsmark"]
[Date "2011.04.10"]
[Round "4"]
[White "Nicolajsen, Thea"]
[Black "Linde, Sif Tylvad"]
[Result "1-0"]
[WhiteElo "1666"]
[BlackElo "1283"]
[PlyCount "81"]
[EventDate "2011.04.08"]
[EventType "swiss"]
[EventRounds "5"]
[EventCountry "DEN"]
[SourceTitle "EXT 2023"]
[Source "ChessBase"]
[SourceDate "2022.10.05"]
[SourceVersion "1"]
[SourceVersionDate "2022.10.05"]
[SourceQuality "1"]

1. d4 d5 2. c4 dxc4 3. e3 Nf6 4. Bxc4 Bf5 5. Qb3 e6 6. Nc3 Nbd7 7. Nge2 Nb6 8. Ng3 Nxc4 9. Qxc4 Bg6 10. Qb5+ Nd7 11. Qxb7 Bd6 12. 0-0 0-0 13. Qf3 Qe7 14. a3 Rac8 15. b4 c6 16. Nce4 Bb8 17. Bb2 f5 18. Nc5 Nxc5 19. dxc5 e5 20. Rfe1 Qe6 21. Rad1 Rce8 22. Nf1 Qc8 23. Qe2 Re6 24. Qd2 Re7 25. f3 Bf7 26. Qc3 Rfe8 27. Nd2 Bc7 28. Nc4 Qb8 29. Nd6 Bxd6 30. cxd6 Re6 31. Qxc6 Rd8 32. Qc2 Bg6 33. Qc3 Rdxd6 34. Rxd6 Qxd6 35. f4 Re7 36. fxe5 Qd7 37. Qc4+ Bf7 38. Qc3 Bg6 39. Qd4 Qc7 40. Rc1 Qb7 41. Qc4+ 1-0

[Event "Pige NM B"]
[Site "Jetsmark"]
[Date "2011.04.08"]
[Round "1"]
[White "Haukenes, Alise"]
[Black "Linde, Sif Tylvad"]
[Result "1-0"]
[WhiteElo "1448"]
[BlackElo "1283"]
[PlyCount "175"]
[EventDate "2011.04.08"]
[EventType "swiss"]
[EventRounds "5"]
[EventCountry "DEN"]
[SourceTitle "EXT 2023"]
[Source "ChessBase"]
[SourceDate "2022.10.05"]
[SourceVersion "1"]
[SourceVersionDate "2022.10.05"]
[SourceQuality "1"]

1. d4 d5 2. Nf3 Nc6 3. Bf4 Bf5 4. a3 e6 5. e3 a6 6. Bd3 Bxd3 7. Qxd3 Bd6 8. Bg3 Bxg3 9. hxg3 Nf6 10. Nbd2 Qd7 11. c4 dxc4 12. Nxc4 0-0-0 13. Nfe5 Nxe5 14. Nxe5 Qe7 15. b4 Nd7 16. Nxd7 Qxd7 17. Rxh7 g6 18. Rh3 e5 19. Rxh8 Rxh8 20. Ke2 exd4 21. Qxd4 Qb5+ 22. Qd3 Qc6 23. Rd1 Rf8 24. Qd5 Qf6 25. Qd7+ Kb8 26. Rd2 Qc3 27. Qd3 Qc6 28. Rc2 Qxg2 29. Qd7 Rc8 30. Qxf7 g5 31. Qf5 Qh2 32. Qxg5 Rf8 33. Kd3 Rxf2 34. Rxf2 Qxf2 35. Qd8+ Ka7 36. Qxc7 Qf1+ 37. Kd4 Qd1+ 38. Ke4 Qh1+ 39. Kf5 Qh5+ 40. Kf4 Qh6+ 41. Kf3 Qh1+ 42. Kf4 Qh6+ 43. Kf5 Qh5+ 44. Ke6 Qg4+ 45. Kd5 Qd1+ 46. Ke6 Qg4+ 47. Kf6 Qf3+ 48. Qf4 Qc6+ 49. Kg5 Qd5+ 50. Qf5 Qg8+ 51. Kf4 Qc4+ 52. e4 Qc1+ 53. Kg4 Qd1+ 54. Kh4 Qh1+ 55. Kg5 Qc1+ 56. Qf4 Qxa3 57. Qf2+ Ka8 58. Qf8+ Ka7 59. Qc5+ Kb8 60. g4 Qd3 61. e5 Qd1 62. Kf5 Qd3+ 63. Kf4 Qd2+ 64. Kf3 Qd1+ 65. Kg3 Qe1+ 66. Kf4 Qd2+ 67. Kf5 Qd3+ 68. Kg5 Qd8+ 69. Kg6 Qg8+ 70. Kf5 Qf7+ 71. Kg5 Qg7+ 72. Kf4 Qh6+ 73. Kg3 Qh7 74. Qd6+ Ka7 75. e6 Qg7 76. Qc5+ b6 77. Qd6 Qc3+ 78. Kf4 Qf6+ 79. Ke4 Qg6+ 80. Kd5 Qd3+ 81. Kc6 Qb5+ 82. Kc7 a5 83. e7 Qc4+ 84. Kd8 Kb7 85. Qd7+ Ka8 86. e8Q Qxb4 87. Qc8+ Ka7 88. Qed7# 1-0